Victory through organization : (Record no. 57736)
[ view plain ]
| 000 -LEADER | |
|---|---|
| fixed length control field | 01929nam\a2200373\a\4500 |
| 001 - CONTROL NUMBER | |
| control field | 57736 |
| 005 - DATE AND TIME OF LATEST TRANSACTION | |
| control field | 20260402122717.0 |
| 006 - FIXED-LENGTH DATA ELEMENTS--ADDITIONAL MATERIAL CHARACTERISTICS--GENERAL INFORMATION | |
| fixed length control field | m |o d | |
| 007 - PHYSICAL DESCRIPTION FIXED FIELD--GENERAL INFORMATION | |
| fixed length control field | cr ||||||||||| |
| 008 - FIXED-LENGTH DATA ELEMENTS--GENERAL INFORMATION | |
| fixed length control field | 260401s2017 nyu ob 001 0 eng |
| 010 ## - LIBRARY OF CONGRESS CONTROL NUMBER | |
| LC control number | |
| 020 ## - INTERNATIONAL STANDARD BOOK NUMBER | |
| ISBN | 9781259837654 |
| Qualifying information | (ebook) |
| 020 ## - INTERNATIONAL STANDARD BOOK NUMBER | |
| ISBN | 1259837653 |
| Qualifying information | (ebook) |
| 020 ## - INTERNATIONAL STANDARD BOOK NUMBER | |
| Cancelled/invalid ISBN | 9781259837647 |
| Qualifying information | (paperback) |
| 040 ## - CATALOGING SOURCE | |
| Original cataloging agency | DLC |
| Language of cataloging | eng |
| Description conventions | rda |
| Transcribing agency | DLC |
| Modifying agency | BD-DhIUB |
| 082 00 - DEWEY DECIMAL CLASSIFICATION NUMBER | |
| Classification number | 658.3 |
| Edition number | 23 |
| Item number | V642 |
| 100 1# - MAIN ENTRY--PERSONAL NAME | |
| Personal name | Ulrich, David, |
| Dates associated with a name | 1953- |
| Relator term | author. |
| 245 10 - TITLE STATEMENT | |
| Title | Victory through organization : |
| Remainder of title | why the war for talent is failing your company and what you can do about it / |
| Statement of responsibility, etc | Dave Ulrich, David Kryscynski, Wayne Brockbank, and Mike Ulrich. |
| 250 ## - EDITION STATEMENT | |
| Edition statement | Ist ed. |
| 260 ## - PUBLICATION, DISTRIBUTION, ETC. (IMPRINT) | |
| Place of publication, distribution, etc | New York: |
| Name of publisher, distributor, etc | McGraw - Hill Education, |
| Date of publication, distribution, etc | 2017 |
| 300 ## - PHYSICAL DESCRIPTION | |
| Extent | 1 online resource. |
| 504 ## - BIBLIOGRAPHY, ETC. NOTE | |
| Bibliography, etc | Includes bibliographical references and index. |
| 505 0# - FORMATTED CONTENTS NOTE | |
| Formatted contents note | Why HR and why now? -- The empirical basis of HR effectiveness -- Why organization matters: the value of the organization beyond individual talent -- High priority HR practices: information management and integrated HR practices -- High priority HR practices: employee performance and HR analytics -- Credible activist: getting invited to the table -- Strategic positioner: going beyond knowing the business -- Becoming a paradox navigator -- Strategic enablers: HR competencies that deliver strategic value -- Foundation enablers: HR competencies that help deliver foundational value -- Now what? |
| 526 ## - STUDY PROGRAM INFORMATION NOTE | |
| School name | School of Business and Entrepreneurship |
| Department | HRM |
| Shelving Location | Reference Stacks |
| 541 ## - IMMEDIATE SOURCE OF ACQUISITION NOTE | |
| Source of acquisition | Trim Education |
| 650 #0 - SUBJECT ADDED ENTRY--TOPICAL TERM | |
| Topical term or geographic name as entry element | Personnel management. |
| 650 #0 - SUBJECT ADDED ENTRY--TOPICAL TERM | |
| Topical term or geographic name as entry element | Human capital |
| General subdivision | Management. |
| 700 1# - ADDED ENTRY--PERSONAL NAME | |
| Personal name | Kryscynski, David, |
| Relator term | author. |
| 700 1# - ADDED ENTRY--PERSONAL NAME | |
| Personal name | Brockbank, Wayne, |
| Relator term | author. |
| 700 1# - ADDED ENTRY--PERSONAL NAME | |
| Personal name | Ulrich, Mike, |
| Relator term | author. |
| 776 08 - ADDITIONAL PHYSICAL FORM ENTRY | |
| Display text | Print version: |
| Main entry heading | Ulrich, David, 1953- |
| Title | Victory through organization |
| Place, publisher, and date of publication | New York : McGraw-Hill, [2017] |
| International Standard Book Number | 9781259837647 |
| Record control number | (DLC) 2016055009 |
| 942 ## - ADDED ENTRY ELEMENTS (KOHA) | |
| Source of classification or shelving scheme | Dewey Decimal Classification |
| Koha item type | Books |
| Withdrawn status | Lost status | Source of classification or shelving scheme | Damaged status | Not for loan | Home library | Current library | Shelving location | Date acquired | Source of acquisition | Cost, normal purchase price | Serial Enumeration / chronology | Total Checkouts | Full call number | Barcode | Date last seen | Copy number | Cost, replacement price | Price effective from | Koha item type |
|---|---|---|---|---|---|---|---|---|---|---|---|---|---|---|---|---|---|---|---|
| Dewey Decimal Classification | Not For Loan | Library, Independent University, Bangladesh (IUB) | Library, Independent University, Bangladesh (IUB) | Reference Stacks | 24/03/2026 | Purchase | 4375.00 | 2017 | 658.3 V642 | 029585 | 02/04/2026 | 01 | 8750.00 | 24/03/2026 | Books | ||||
| Dewey Decimal Classification | Not For Loan | Library, Independent University, Bangladesh (IUB) | Library, Independent University, Bangladesh (IUB) | Reference Stacks | 24/03/2026 | Purchase | 4375.00 | 2017 | 658.3 V642 | 029586 | 02/04/2026 | 02 | 8750.00 | 24/03/2026 | Books |